Principles of pharmacology : (Record no. 8042)

MARC details
000 -LEADER
fixed length control field 00410nam a2200133 4500
020 ## - INTERNATIONAL STANDARD BOOK NUMBER
ISBN 1451191006
050 ## - CALL NUMBER
Classification number RM301
100 ## - AUTHOR
Personal name Golan, David E
245 ## - TITLE
Title Principles of pharmacology :
Remainder of title the pathophysiologic basis of drug therapy
Statement of responsibility, etc by David E Golan
260 ## - PUBLICATION INFORMATION
Place of publication Philadelphia
Name of publisher Wolters Kluwer Health/Lippincott Williams & Wilkins
Year of publication 2008
300 ## - DESCRIPTION
Number of Pages xxi, 985 pages
650 ## - SUBJECTS
Topical Term Pharmacology.
942 ## - ADDED ENTRY ELEMENTS (KOHA)
Koha item type Books
Holdings
Withdrawn status Lost status Home library Current library Date acquired Full call number Accession Number Koha item type
    Methodist University Library Wenchi Nursing Methodist University Library Wenchi Nursing 27/10/2021 RM301 7239 Books
Copyright © 2026  MUG Library